000 004910000a22001690004500
090 _aAR
_b00463
245 1 0 _aExploración espeleológica
650 1 4 _aCavernas
_993465
650 1 4 _aEcología
_992250
650 1 4 _aSistemas cársicos
_993466
651 4 _pColombia
_992749
041 0 _aEspañol
700 1 _aMolares A., Ludis
_993467
100 1 _aAmado González, Eliseo
_993468
942 _cARTICULO
773 1 _tBoletín Científico de la Universidad de la Salle
_3182
_h1
_q55-75
_d1988
_g3
999 _c9559
_d9559